000 00676nam a22002172 4500
001 16589
003 BD-RjUL
005 20211209000028.0
008 140215s1963 xxk 001 0 eng d
035 _a(BD-RjUL)16644
_aOCLC ocm30243491 from D970905M
040 _aUKM
_cUKM
_dEQO
_dBD-RjUL
_beng
041 _aeng
082 0 4 _a604.26213
_218
_bHEE 1963
100 1 _aHewitt, Thomas Herdman.
_951247
245 1 0 _aElectrical drawing for National Certificate students /
_cThomas Herdman Hewitt.
260 _aLondon :
_bCleaver-Hume Press,
_c1963.
300 _a168 p. :
_bill. ;
_c25 cm.
504 _aIncludes index.
650 0 _aElectrical drawing
_951248
942 _2ddc
_cBK
999 _c16589
_d16589